Messen made in Germany 2010/2011.
| Format: | Book |
|---|---|
| Published: |
Berlin:
Association of the German Trade Fair Industry,
2010.
|
| Subjects: |
| LEADER | 00431cam a2200133 7i4500 | ||
|---|---|---|---|
| 001 | 0000025209 | ||
| 005 | 20101206090000.0 | ||
| 090 | 0 | 0 | |a GERM 380.1025 |b MES |
| 245 | 0 | 0 | |a Messen made in Germany 2010/2011. |
| 260 | 0 | 0 | |a Berlin: |b Association of the German Trade Fair Industry, |c 2010. |
| 300 | # | # | |a 58 p. |
| 650 | 0 | 0 | |a Trade Fairs -- |x Directories -- |z Germany |
| 651 | 0 | 0 | |a Germany |
| 999 | |a 0000027795 |b Directories |c Countries |e Business Information Centre | ||